Music Quiz

Random Music Quiz

Top 100 Singles of 1999 in Australia (by song) Quiz Stats

 Plays Quiz not verified by Sporcle

Support Sporcle.
Go Orange.
Score 0/100 Timer 20:00
0 Plays Today
# Title % Correct
2...Baby One More Time
80.6%
1Mambo No. 5 (A Little Bit Of...)
80.6%
11Smooth
77.8%
10Genie In A Bottle
75%
6Believe
75%
21Livin' La Vida Loca
72.2%
3Blue (Da Ba Dee)
72.2%
19Kiss Me
69.4%
12No Scrubs
63.9%
31All Star
63.9%
16If You Had My Love
61.1%
32Waiting For Tonight
61.1%
25I Want It That Way
61.1%
8That Don't Impress Me Much
58.3%
5Pretty Fly (For A White Guy)
58.3%
27I Knew I Loved You
58.3%
52Fly Away
55.6%
17We Like To Party! (The Vengabus)
52.8%
69Scar Tissue
52.8%
54She's So High
52.8%
39This Kiss
52.8%
22Sometimes
50%
4Last Kiss
50%
78My Name Is
50%
66Freak On A Leash
50%
57Angel Of Mine
47.2%
55Bailamos
47.2%
47Have You Ever?
47.2%
44Man! I Feel Like A Woman!
47.2%
37Unpretty
47.2%
26Larger Than Life
47.2%
87She's All I Ever Had
44.4%
71American Woman
44.4%
50Heartbreaker
44.4%
# Title % Correct
100Tearin' Up My Heart
41.7%
99The Bad Touch
41.7%
42Lullaby
41.7%
41(You Drive Me) Crazy
41.7%
9Why Don't You Get A Job?
38.9%
94Heartbreak Hotel
38.9%
73You Get What You Give
38.9%
67Can't Take My Eyes Off You / Doo Wop (That Thing)
38.9%
62Every Morning
38.9%
49Wild Wild West
38.9%
34Beautiful Stranger
38.9%
24Boom, Boom, Boom, Boom!!
36.1%
14Bring It All Back
36.1%
82Burning Down The House
36.1%
88That's The Way It Is
33.3%
83When You're Gone
33.3%
51Look At Me
33.3%
45Goodbye
33.3%
15When You Say Nothing At All
30.6%
13If Ya Gettin' Down
30.6%
7Don't Call Me Baby
30.6%
92Heartbeat / Tragedy
27.8%
72Keep On Movin'
27.8%
65Strong Enough
27.8%
18The Animal Song
25%
98When I Grow Up
25%
96The Hardest Thing
25%
75I Want You Back
25%
36Weir
25%
91You've Got A Way
22.2%
79Swear It Again
22.2%
46Sweet Like Chocolate
22.2%
30Touch It
22.2%
97Get Set
19.4%
# Title % Correct
85Ana's Song (Open Fire)
19.4%
74Absolutely Everybody
19.4%
59Baby Did A Bad Bad Thing
19.4%
53No Matter What
19.4%
43Shimmer / Sunburn
19.4%
389PM (Till I Come)
19.4%
23The Millennium Prayer
16.7%
90Got The Life
16.7%
63Forever
16.7%
40Thank ABBA For The Music
16.7%
29Anthem For The Year 2000
16.7%
202 Times
13.9%
89Shake Your Bon-Bon
13.9%
68Everywhere You Go
13.9%
64Have A Look
13.9%
48Honey To The Bee
13.9%
35Silence
13.9%
28Sister
13.9%
93All Torn Down
11.1%
84A Little Bit
11.1%
81Don't Cry
11.1%
80You Don't Know Me
11.1%
77How Deep Is Your Love
11.1%
76Westside
11.1%
70Got The Feelin'
11.1%
61How Do I Deal
11.1%
60Say It Once
11.1%
58Eternal Flame / Shake You Outta My Head
11.1%
56Zorba's Dance
11.1%
33Jackie
11.1%
95If I Let You Go
8.3%
86Last To Know
8.3%

You're not logged in!

Compare scores with friends on all Sporcle quizzes.
OR
Log In

From the Vault

Secret Country IX

by goc3

Our lips are sealed.
Remove Ads.
Support Sporcle.
Get the best of Sporcle when you Go Orange. This ad-free experience offers more features, more stats, and more fun while also helping to support Sporcle. Thank you for becoming a member.

Show Comments

Extras

Top Quizzes Today


Score Distribution

Your Account Isn't Verified!

In order to create a playlist on Sporcle, you need to verify the email address you used during registration. Go to your Sporcle Settings to finish the process.

Report this User

Report this user for behavior that violates our Community Guidelines.

Details: